Les 5 plus importantes délégations des continents aux JP de 2024 - Statistiques

Statistiques générales
  • Ce quiz a été pris 28 fois
  • Le résultat moyen est 23 sur 25
Statistiques - réponses
Continent Nombre de membres Pays Rang % Correct
Europe 143 Allemagne 3
100%
Océanie 157 Australie 1
100%
Amérique 126 Canada 3
100%
Asie 284 Chine 1
100%
Amérique 220 Etats-Unis 2
100%
Europe 239 France 1
100%
Asie 177 Japon 2
100%
Océanie 25 Nouvelle-Zélande 2
100%
Europe 201 Royaume-Uni 2
100%
Afrique 32 Afrique-du-Sud 3
96%
Afrique 26 Algérie 5
96%
Amérique 256 Brésil 1
96%
Asie 83 Corée-du-Sud 4
96%
Afrique 38 Maroc 2
96%
Amérique 68 Argentine 5
92%
Afrique 54 Egypte 1
92%
Europe 139 Espagne 5
92%
Asie 84 Inde 3
92%
Afrique 30 Tunisie 4
88%
Amérique 74 Colombie 4
84%
Océanie 3 Fidji 4
84%
Europe 140 Ukraine 4
76%
Asie 78 Thaïlande 5
68%
Océanie 4 Salomon 3
64%
Océanie 2 Papouasie-Nouvelle-Guinée 5
56%
Aucun quiz correspondant
Distribution des résultats
% des personnes avec chaque résultat
Percentile par nombre de réponses
Votre historique - résultats
Vous n’avez pas pris ce quiz